[Event "Prague Summer op-B 3rd"]
[Site "Prague"]
[Date "2016.08.05"]
[Round "1"]
[White "Pawletko, Szymon"]
[Black "Cruz Guerra, Samuel"]
[Result "1-0"]
[WhiteElo "1598"]
[BlackElo "1918"]
[PlyCount "127"]
[EventDate "2016.08.05"]
[EventType "swiss"]
[EventRounds "9"]
[EventCountry "CZE"]
[SourceTitle "CBM 173 Extra"]
[Source "ChessBase"]
[SourceDate "2016.08.29"]
[SourceVersion "1"]
[SourceVersionDate "2016.08.29"]
[SourceQuality "1"]

1. e4 c5 2. Nf3 d6 3. d4 cxd4 4. Qxd4 Nc6 5. Bb5 Bd7 6. Bxc6 Bxc6 7. Nc3 Nf6 8. Bg5 h6 9. Bxf6 gxf6 10. 0-0-0 Qa5 11. Kb1 Rg8 12. Nh4 0-0-0 13. Nd5 Kb8 14. Rhe1 e6 15. Qb4 Qxb4 16. Nxb4 Bb5 17. c3 Be7 18. g3 a5 19. Nc2 a4 20. Ne3 Rc8 21. f4 a3 22. f5 axb2 23. Kxb2 Rc6 24. Rd4 Bd8 25. Nhg2 Ba5 26. Rc1 Rgc8 27. Nd1 Be2 28. Nge3 Bb6 29. Rd2 Bf3 30. fxe6 fxe6 31. a3 Bxe4 32. Ng4 Bd8 33. Nxh6 f5 34. Nf7 Rb6+ 35. Ka1 Be7 36. Nf2 Rf8 37. Nxe4 Rxf7 38. Rf2 Rg7 39. Nd2 Bf6 40. Nb1 Rc7 41. Re2 d5 42. Rcc2 Rbc6 43. Kb2 Bg5 44. Rf2 Kc8 45. g4 fxg4 46. Rf8+ Kd7 47. Rg8 Rb6+ 48. Ka2 Be7 49. Rxg4 Rcc6 50. Re2 Rc4 51. Rg6 Rbc6 52. Rg7 Rf4 53. Rg3 Ra6 54. Rg7 Kd6 55. Rg6 Rf6 56. Rg7 Kd7 57. h4 Rc6 58. h5 Rh6 59. Rf2 Kd6 60. Rff7 Bf6 61. Rg6 Rxh5 62. Rgxf6 Rb6 63. Rf2 Rh1 64. Rb2 1-0

[Event "ESP-ch U16"]
[Site "Linares"]
[Date "2010.07.20"]
[Round "1"]
[White "Suarez Uriel, Adrian"]
[Black "Cruz Guerra, Samuel"]
[Result "1-0"]
[WhiteElo "2157"]
[BlackElo "1781"]
[PlyCount "101"]
[EventDate "2010.07.20"]
[EventType "swiss"]
[EventRounds "9"]
[EventCountry "ESP"]
[SourceTitle "CBM 137 Extra"]
[Source "ChessBase"]
[SourceDate "2010.09.01"]
[SourceVersion "1"]
[SourceVersionDate "2010.09.01"]
[SourceQuality "1"]

1. e4 Nc6 2. Bb5 a6 3. Bxc6 bxc6 4. Nf3 d5 5. e5 Bg4 6. 0-0 e6 7. d3 h6 8. h3 Bh5 9. c4 Qd7 10. Nc3 f5 11. exf6 gxf6 12. Re1 d4 13. Ne4 c5 14. Bd2 Qc6 15. Nxd4 Bxd1 16. Nxc6 Bc2 17. Bc3 e5 18. Rac1 Ba4 19. Na5 0-0-0 20. Re3 h5 21. Rf3 Rh6 22. Bd2 Rg6 23. Rc3 Bd7 24. Nb3 f5 25. Nexc5 Bc6 26. Rxf5 Rxg2+ 27. Kf1 Rh2 28. Rxh5 Bxc5 29. Nxc5 Rf8 30. Be3 Rh1+ 31. Ke2 Bf3+ 32. Kd2 Bxh5 33. Ra3 Bf3 34. Rxa6 Rf6 35. Ra7 Rxh3 36. b4 Rd6 37. Na6 Rh1 38. Bg5 Rd7 39. b5 Rd1+ 40. Kc2 R1xd3 41. Nc5 Bd1+ 42. Kb2 Kb8 43. b6 Rd2+ 44. Bxd2 Rxd2+ 45. Kc1 cxb6 46. Rb7+ Kc8 47. Kxd2 Bf3 48. Rf7 bxc5 49. Rxf3 Ne7 50. Rf8+ Kd7 51. Rf7 1-0

[Event "Burgas op 18th"]
[Site "Ourense"]
[Date "2009.07.14"]
[Round "8"]
[White "Cruz Guerra, Samuel"]
[Black "Salgado Gonzalez, Julio"]
[Result "1-0"]
[WhiteElo "1738"]
[BlackElo "1920"]
[PlyCount "93"]
[EventDate "2009.07.07"]
[EventType "swiss"]
[EventRounds "9"]
[EventCountry "ESP"]
[SourceTitle "CBM 131 Extra"]
[Source "ChessBase"]
[SourceDate "2009.09.03"]
[SourceVersion "2"]
[SourceVersionDate "2009.09.16"]
[SourceQuality "1"]

1. e4 Nc6 2. d4 d5 3. e5 Bf5 4. Ne2 e6 5. c3 Nge7 6. Ng3 Bxb1 7. Rxb1 g6 8. h4 Bg7 9. h5 0-0 10. hxg6 fxg6 11. Bd3 Qe8 12. Be3 Nd8 13. Qd2 Qf7 14. f3 Nf5 15. Nxf5 exf5 16. Bh6 Ne6 17. Bxg7 Qxg7 18. g3 c5 19. Qf2 cxd4 20. cxd4 Rac8 21. Kd2 Rc7 22. Bc2 Rc4 23. f4 Rfc8 24. Bb3 Rxd4+ 25. Ke2 Rc5 26. Rbd1 Rxd1 27. Rxd1 Qd7 28. Qf3 Qb5+ 29. Kf2 Nc7 30. g4 Qb6 31. Kg2 Kh8 32. gxf5 gxf5 33. Rh1 Qb4 34. Qh5 Qe4+ 35. Kg3 Qe3+ 36. Qf3 Qxf3+ 37. Kxf3 b5 38. Rh5 Ne6 39. Ke3 Ng7 40. Rh6 a5 41. Rd6 h5 42. Bxd5 Kh7 43. Bf7 h4 44. Bg6+ Kh6 45. Bf7+ Kh7 46. Kf3 Rc1 47. Bg6+ 1-0

[Event "Burgas op 18th"]
[Site "Ourense"]
[Date "2009.07.13"]
[Round "7"]
[White "Cruz Guerra, Samuel"]
[Black "Alonso Macias, Victor"]
[Result "0-1"]
[WhiteElo "1738"]
[BlackElo "2035"]
[PlyCount "86"]
[EventDate "2009.07.07"]
[EventType "swiss"]
[EventRounds "9"]
[EventCountry "ESP"]
[SourceTitle "CBM 131 Extra"]
[Source "ChessBase"]
[SourceDate "2009.09.03"]
[SourceVersion "2"]
[SourceVersionDate "2009.09.16"]
[SourceQuality "1"]

1. e4 c5 2. d4 cxd4 3. c3 dxc3 4. Nxc3 e6 5. Nf3 d6 6. Bc4 a6 7. 0-0 b5 8. Bb3 Ra7 9. Qe2 Rd7 10. Be3 Nc6 11. Rac1 Bb7 12. Rfd1 Nf6 13. Nd2 Be7 14. f3 0-0 15. a4 b4 16. Na2 d5 17. Rxc6 Bxc6 18. e5 Ne8 19. Qxa6 Bb7 20. Qb5 Ba8 21. Bb6 Nc7 22. Qd3 Qb8 23. a5 f6 24. Rc1 Bd8 25. Bc5 Be7 26. Bb6 Rc8 27. Bc2 g6 28. Ba4 Rdd8 29. exf6 Bxf6 30. Qe2 Kf7 31. Nb3 Ne8 32. Bxd8 Rxc1+ 33. Naxc1 Qxd8 34. Nd3 Qd6 35. Qd2 Nc7 36. Nxb4 Bxb2 37. h3 Bf6 38. Nd3 Bb7 39. Kh1 Ba6 40. Ndc5 Bc4 41. Nb7 Qg3 42. Kg1 Be5 43. Qc2 Qe1# 0-1

[Event "Burgas op 18th"]
[Site "Ourense"]
[Date "2009.07.12"]
[Round "6"]
[White "Gomez Dominguez, Breixo"]
[Black "Cruz Guerra, Samuel"]
[Result "0-1"]
[WhiteElo "1895"]
[BlackElo "1738"]
[PlyCount "167"]
[EventDate "2009.07.07"]
[EventType "swiss"]
[EventRounds "9"]
[EventCountry "ESP"]
[SourceTitle "CBM 131 Extra"]
[Source "ChessBase"]
[SourceDate "2009.09.03"]
[SourceVersion "2"]
[SourceVersionDate "2009.09.16"]
[SourceQuality "1"]

1. e4 Nc6 2. Nf3 d5 3. exd5 Qxd5 4. Nc3 Qa5 5. Bb5 Bd7 6. d3 Nf6 7. 0-0 0-0-0 8. a3 e6 9. Be3 Nd5 10. Nxd5 exd5 11. Bxc6 Bxc6 12. b4 Qa4 13. Ne5 Be8 14. Qg4+ Kb8 15. c4 f6 16. Nf3 h5 17. Qd4 Bf7 18. c5 Be7 19. Nd2 Rhg8 20. Nb1 f5 21. Nc3 Qe8 22. c6 b6 23. b5 Ka8 24. Qe5 Bd6 25. Qxe8 Rdxe8 26. Bd4 Be5 27. Bxe5 Rxe5 28. d4 Re7 29. a4 Rge8 30. a5 g5 31. Rfb1 f4 32. axb6 cxb6 33. h3 g4 34. hxg4 hxg4 35. Rc1 Kb8 36. g3 fxg3 37. fxg3 Rc7 38. Kf2 Bg8 39. Re1 Rf7+ 40. Kg2 Rfe7 41. Rxe7 Rxe7 42. Rf1 Re8 43. Rf5 a5 44. Nxd5 Bxd5+ 45. Rxd5 a4 46. Rf5 Re2+ 47. Kf1 Rc2 48. d5 a3 49. Rf8+ Kc7 50. Rf7+ Kd6 51. Rd7+ Ke5 52. Ra7 a2 53. c7 Rxc7 54. Rxa2 Kxd5 55. Kf2 Rf7+ 56. Kg2 Kc5 57. Rb2 Rf3 58. Rb1 Kc4 59. Rc1+ Kxb5 60. Rc8 Rd3 61. Re8 Kc4 62. Rc8+ Kb4 63. Kf2 b5 64. Rf8 Kc3 65. Rc8+ Kb3 66. Rg8 Rd4 67. Ke3 Kc3 68. Rh8 b4 69. Rh1 Rd3+ 70. Kf4 Rd4+ 71. Ke3 Rd3+ 72. Kf4 b3 73. Kxg4 Kc2 74. Kh4 b2 75. g4 Rd1 76. Rh2+ Kc1 77. Rxb2 Kxb2 78. Kh5 Kc3 79. Kg6 Kd4 80. g5 Ke5 81. Kf7 Rf1+ 82. Kg6 Ke6 83. Kh7 Rh1+ 84. Kg6 0-1

[Event "Burgas op 18th"]
[Site "Ourense"]
[Date "2009.07.09"]
[Round "3"]
[White "De Pinho, Tiago Brandao"]
[Black "Cruz Guerra, Samuel"]
[Result "1-0"]
[WhiteElo "1909"]
[BlackElo "1738"]
[PlyCount "117"]
[EventDate "2009.07.07"]
[EventType "swiss"]
[EventRounds "9"]
[EventCountry "ESP"]
[SourceTitle "CBM 131 Extra"]
[Source "ChessBase"]
[SourceDate "2009.09.03"]
[SourceVersion "2"]
[SourceVersionDate "2009.09.16"]
[SourceQuality "1"]

1. f4 Nc6 2. Nf3 d5 3. e3 Nf6 4. b3 Bg4 5. Bb5 e6 6. Bxc6+ bxc6 7. Bb2 Bd6 8. 0-0 Rb8 9. d3 Qe7 10. Nbd2 Bc5 11. Qe1 Bxf3 12. Nxf3 Ng4 13. Bd4 f6 14. h3 Nh6 15. Qc3 Bb6 16. Qxc6+ Qd7 17. Qxd7+ Kxd7 18. Bxb6 axb6 19. g4 Nf7 20. h4 Ra8 21. a4 Ra7 22. Ra2 b5 23. Nd4 Nd6 24. Rfa1 Rha8 25. Kf2 c5 26. Ne2 bxa4 27. bxa4 Rb8 28. Ke1 Rab7 29. Kd2 e5 30. Rg1 Rb1 31. Ra1 Rxg1 32. Nxg1 e4 33. g5 f5 34. Ne2 exd3 35. Kxd3 Nc4 36. Nc3 Kc6 37. a5 Re8 38. Nd1 Kb7 39. a6+ Ka7 40. h5 Re6 41. Ra2 Rxa6 42. Rxa6+ Kxa6 43. Nc3 Nb6 44. Nb1 Kb5 45. Nd2 g6 46. h6 Kc6 47. Nf3 Nd7 48. Nh4 Nf8 49. Nf3 Kd6 50. Ne5 c4+ 51. Kd2 Kc5 52. Kc3 Kd6 53. Kb4 Nd7 54. Nxd7 Kxd7 55. Kc5 c3 56. Kxd5 Ke7 57. Kd4 Kd6 58. Kxc3 Kd5 59. Kd3 1-0

[Event "ESP-ch U14"]
[Site "Padron"]
[Date "2008.07.17"]
[Round "7"]
[White "Martorell Pons, Enric"]
[Black "Cruz Guerra, Samuel"]
[Result "0-1"]
[WhiteElo "1789"]
[BlackElo "1602"]
[PlyCount "76"]
[EventDate "2008.07.13"]
[EventType "swiss"]
[EventRounds "9"]
[EventCountry "ESP"]
[SourceTitle "CBM 125 Extra"]
[Source "ChessBase"]
[SourceDate "2008.09.01"]
[SourceVersion "1"]
[SourceVersionDate "2008.09.01"]
[SourceQuality "1"]

1. e4 Nc6 2. Nf3 d5 3. exd5 Qxd5 4. Nc3 Qa5 5. d4 Bg4 6. Bb5 Qb6 7. d5 0-0-0 8. Be3 Qa5 9. Bxc6 bxc6 10. Qd4 Bxf3 11. gxf3 cxd5 12. Qxa7 Qxa7 13. Bxa7 e5 14. Na4 Nh6 15. 0-0-0 Kb7 16. Bc5 Bxc5 17. Nxc5+ Ka7 18. Rhe1 Rhe8 19. Nd3 f6 20. Nb4 Rd6 21. Nxd5 Kb7 22. Nc3 Red8 23. Rxd6 Rxd6 24. Ne4 Rd8 25. a4 Nf5 26. b3 Nh4 27. Nd2 Rxd2 28. Kxd2 Nxf3+ 29. Ke2 Nxe1 30. Kxe1 g5 31. Ke2 h5 32. Kf3 f5 33. b4 g4+ 34. Ke3 h4 35. f3 g3 36. hxg3 h3 37. Kf2 e4 38. fxe4 fxe4 0-1

[Event "ESP-ch U14"]
[Site "Padron"]
[Date "2008.07.15"]
[Round "4"]
[White "Cruz Guerra, Samuel"]
[Black "Silva Rodriguez, Julio Jose"]
[Result "0-1"]
[WhiteElo "1602"]
[BlackElo "1837"]
[PlyCount "74"]
[EventDate "2008.07.13"]
[EventType "swiss"]
[EventRounds "9"]
[EventCountry "ESP"]
[SourceTitle "CBM 125 Extra"]
[Source "ChessBase"]
[SourceDate "2008.09.01"]
[SourceVersion "1"]
[SourceVersionDate "2008.09.01"]
[SourceQuality "1"]

1. e4 d5 2. exd5 Nf6 3. c4 e6 4. d4 exd5 5. Nc3 Bg4 6. Qb3 Qe7+ 7. Be2 Bxe2 8. Ngxe2 Qb4 9. 0-0 dxc4 10. Qxb4 Bxb4 11. Nb5 Bd6 12. Bf4 Kd7 13. Nxd6 cxd6 14. Rac1 Rc8 15. Nc3 a6 16. Rfe1 Nc6 17. Bg5 Nb4 18. Bxf6 gxf6 19. Ne4 Nd5 20. Kf1 b5 21. Nc3 Nf4 22. Re3 Re8 23. Rce1 Rxe3 24. Rxe3 Re8 25. Rxe8 Kxe8 26. g3 Nd3 27. Nd5 Nxb2 28. Nxf6+ Ke7 29. Nxh7 Na4 30. h4 Nc3 31. Ke1 Nxa2 32. h5 b4 33. Kd1 b3 34. h6 c3 35. Ng5 c2+ 36. Ke2 c1Q 37. h7 Qh1 0-1

[Event "Burgas op 17th"]
[Site "Ourense"]
[Date "2008.07.06"]
[Round "4"]
[White "Cruz Guerra, Samuel"]
[Black "Martinez Vecillas, Javier"]
[Result "1-0"]
[WhiteElo "1602"]
[BlackElo "1851"]
[PlyCount "67"]
[EventDate "2008.07.03"]
[EventType "swiss"]
[EventRounds "9"]
[EventCountry "ESP"]
[SourceTitle "CBM 125 Extra"]
[Source "ChessBase"]
[SourceDate "2008.09.01"]
[SourceVersion "1"]
[SourceVersionDate "2008.09.01"]
[SourceQuality "1"]

1. e4 e6 2. d4 a6 3. c4 b5 4. c5 Bb7 5. f3 d6 6. cxd6 Bxd6 7. Be3 Nf6 8. Nc3 Bb4 9. Qb3 Ba5 10. Be2 Bb6 11. Rd1 0-0 12. Nh3 Qe7 13. Bg5 h6 14. Bh4 c6 15. e5 g5 16. exf6 Qxf6 17. Ne4 Qe7 18. Nhxg5 hxg5 19. Nxg5 Ba5+ 20. Kf1 Nd7 21. Qc2 f6 22. Qg6+ Kh8 23. Ne4 Qg7 24. Qh5+ Qh7 25. Qxh7+ Kxh7 26. Bd3 f5 27. Ng5+ Kg6 28. Nxe6 Rh8 29. g3 Rac8 30. Nf4+ Kf7 31. Bxf5 Rc7 32. Ne6 Rcc8 33. Ng5+ Ke8 34. Rd3 1-0